Szczegóły MARC21

Parzival /

003 -Nazwa inst., której nr kontr. jest w polu 001 [,]
    • @
    • Nazwa instytucji, której n kontrolny jest w polu 001
    • NUKAT
005 -DATA I CZAS OSTATNIEJ MODYFIKACJI [,]
    • @
    • pole kontrolne
    • 20250710211751.0
020 -Międzynarod. znormalizowany nr książki - ISBN [ , ]
    • a
    • Numer ISBN
    • 3888510228 Find
040 -Instytucja sporządzająca opis [ , ]
    • a
    • Instytucja, która sporządziła opis (NP)
    • SZCZ U/JS
    • c
    • Instytucja, która sporządziła rekord (NP)
    • SZCZ U/JSs
942 -Rodzaj dokumentu [ , ]
    • c
    • Rodzaj dokumentu
    • Książka
100 -Hasło główne - nazwa osobowa [0, ]
    • a
    • Nazwa osobowa (NP)
    • Wolfram von Eschenbach
    • d
    • Daty biograficzne (NP)
    • (około 1170-1220).
    • 9
    • KHW
    • 257598
240 -Tytuł ujednolicony [1,0]
    • a
    • Tytuł ujednolicony
    • Parzival
    • l
    • Język tekstu
    • (niem.)
    • 9
    • KHW
    • 419379
245 -Strefa tytułu i oznaczenia odpowiedzialności [1,0]
    • a
    • Tytuł
    • Parzival / Find
    • c
    • Pozostałe elementy strefy tytułu i oznaczenia odpowiedzialności (NP)
    • Wolfram von Eschenbach ; übertragen von Wilhelm Hertz ; Vollständige Ausgabe mit einem Nachwort von Fr. v. d. Leyen.
250 -Strefa wydania [ , ]
    • a
    • Oznaczenie wydania (NP)
    • 2. Aufl.
260 -Strefa adresu wydawniczego [ , ]
    • a
    • Miejsce wydania (P)
    • Stuttgart :
    • b
    • Nazwa wydawcy (P)
    • Phaidon Verlag,
    • c
    • Data wydania (P)
    • 1985.
300 -Strefa opisu fizycznego [ , ]
    • a
    • Określenie formy książki i/lub objętość (NP)
    • 437 s. ;
    • c
    • Format (NP)
    • 19 cm.
336 -Typ zawartości [ , ]
    • a
    • Termin opisujący typ zawartości
    • Tekst
    • b
    • Kod określający zawartość
    • txt
    • 2
    • Źródło (terminu i kodu)
    • rdacontent
337 -Typ mediów [ , ]
    • a
    • Tryb odtwarzania
    • Bez urządzenia pośredniczącego
    • b
    • Kod typu mediów
    • n
    • 2
    • Źródło (terminu i kodu)
    • rdamedia
338 -Typ/rodzaj nośnika [ , ]
    • a
    • Hasło opisujące typ nośnika
    • Wolumin
    • b
    • Kod typu nośnika
    • nc
    • 2
    • Źródło (terminu i kodu)
    • rdacarrier
655 -Hasło w funkcji tematu formalnego [ ,7]
    • a
    • Hasło
    • Powieść niemiecka
    • y
    • Określnik chronologiczny
    • 1050-1500 (średnio-wysoko-niemiecka).
    • 2
    • Źródło terminu
    • kaba
    • 9
    • KHW
    • 185845
700 -Hasło dodatkowe - nazwa osobowa [1, ]
    • a
    • Nazwa osobowa (NP)
    • Hertz, Wilhelm Find
    • d
    • Daty biograficzne (NP)
    • (1835-1902).
    • e
    • Określenie rodzaju współpracy
    • Oprac.
    • 9
    • KHW
    • 419378
700 -Hasło dodatkowe - nazwa osobowa [1, ]
    • a
    • Nazwa osobowa (NP)
    • Leyen, Friedrich von der Find
    • d
    • Daty biograficzne (NP)
    • (1873-1966).
    • e
    • Określenie rodzaju współpracy
    • Posł.
    • 9
    • KHW
    • 419376
710 -Hasło dodatkowe - nazwa ciała zbiorowego [2, ]
    • a
    • Nazwa ciała zbiorowego lub nazwa geograficzna jako pierwszy element (NP)
    • Phaidon Press.
    • 4
    • Kod relacji
    • pbl
    • 9
    • KHW
    • 314247
920 -ISBN [ , ]
    • a
    • ISBN
    • 3-88851-022-8 Find
Sygnatura Numer inwentarzowy Status udost. Lokalizacja
Germ. Literatura niemieckaG.979-3BM
Germ. Literatura niemieckaG.978-3BM
Germ. Literatura niemieckaG.3845-3BM
Germ. Literatura niemieckaG.980-3BM
Germ. Literatura niemieckaG.977-3BM